| 000 | 05882cgm a2201105Ii 4500 | ||
|---|---|---|---|
| 001 | on1079066560 | ||
| 003 | OCoLC | ||
| 005 | 20190130091745.0 | ||
| 007 | vd cvaizk | ||
| 008 | 181217s2019 cau119 vleng d | ||
| 040 |
_aTEFMT _beng _erda _cTEFMT _dOCLCO _dTEF _dMLSOD _dWSD _dOCLCF _dJQW _dBKL _dUINTA |
||
| 019 | _a1077739386 | ||
| 020 | _a9786317571532 | ||
| 020 | _a6317571538 | ||
| 024 | 1 | _a191329083130 | |
| 024 | 1 | _a191329083154 | |
| 028 | 4 | 2 |
_a24200098 _bUniversal Studios Home Entertainment |
| 035 |
_a(OCoLC)1079066560 _z(OCoLC)1077739386 |
||
| 037 |
_bMidwest Tape _nhttp://www.midwesttapes.com |
||
| 041 | 1 |
_aeng _aspa _jspa _jeng _heng |
|
| 050 | 4 |
_aPN1997.2 _b.I53 2019 |
|
| 082 | 0 | 4 |
_a791.43/72 _223 |
| 049 | _aUCLB | ||
| 245 | 0 | 0 |
_aIndivisible / _cPure Flix with Provident Films and The WTA Group in association with Reserve Entertainment and Graceworks Pictures and Calvary Pictures present ; produced by Darren Moorman, Justin Tolley ; written by David G. Evans, Cheryl McKay Price, Peter White ; directed by David G. Evans. |
| 264 | 1 |
_aUniversal City, CA : _bUniversal Pictures Home Entertainment, _c[2019] |
|
| 264 | 4 | _c�2019 | |
| 300 |
_a1 videodisc (119 min.) : _bsound, color ; _c4 3/4 in. |
||
| 336 | _atwo-dimensional moving image | ||
| 337 | _avideo | ||
| 338 | _avideodisc | ||
| 344 |
_adigital _2rdatr |
||
| 344 |
_boptical _2rdarm |
||
| 344 |
_gsurround _gstereo _2rdacpc |
||
| 344 |
_hDolby digital 5.1 _hDVS Dolby digital 2.0 |
||
| 346 |
_bNTSC _2rdabs |
||
| 347 |
_avideo file _2rdaft |
||
| 347 | _bDVD video | ||
| 347 |
_eregion 1 _2rdare |
||
| 380 |
_aMotion pictures _2lcgft |
||
| 538 | _aDVD, region 1 NTSC, anamorphic wide screen (2.39:1) presentation; Dolby Digital 5.1, DVS Dolby digital 2.0; described video; color/dual layer. | ||
| 546 | _aEnglish or Spanish dialogue; Spanish subtitles; English SDH subtitles for the deaf and hard of hearing; DSV described video. | ||
| 500 | _aTitle from web page. | ||
| 511 | 1 | _aJustin Bruening, Sarah Drew, Jason George, Eric Close, Michael O'Neill. | |
| 508 | _aDirector of photography, Bob Scott ; editor, Jeff Canavan ; music, Paul Mills. | ||
| 500 | _aOriginally released as a motion picture in 2018. | ||
| 500 | _aWide screen (2.39:1). | ||
| 521 | 8 | _aRating: PG-13; for some thematic material and war violence. | |
| 520 | _aBased on the true story of Army Chaplain Darren Turner and his wife Heather. With a strong, faith-filled marriage, the Turners are ready to follow their calling: serving God, family, and country. Fresh from seminary and basic training, Chaplain Turner and his family arrive at Fort Stewart. Before the Turners can even unpack, Darren is deployed to Iraq. Heather is left taking care of their three young children alone; as well as serving the families of the other deployed soldiers. | ||
| 500 | _aBonus feature: interviews with Sarah Drew, Tia Mowry, cast and crew ; Heart of Indivisible ; deleted scenes. | ||
| 600 | 1 | 0 |
_aTurner, Darren _vDrama. _95764756 |
| 600 | 1 | 0 |
_aTurner, Heather H. _vDrama. _95764757 |
| 650 | 0 |
_aMilitary chaplains _vDrama. _95764758 |
|
| 650 | 0 |
_aMarried people _vDrama. _95681961 |
|
| 650 | 0 |
_aFamilies of military personnel _vDrama. _95736565 |
|
| 650 | 0 |
_aMan-woman relationships _vDrama. _95673977 |
|
| 650 | 7 |
_aFamilies of military personnel. _2fast _0(OCoLC)fst00920136 _999123 |
|
| 650 | 7 |
_aMan-woman relationships. _2fast _0(OCoLC)fst01007080 _996591 |
|
| 650 | 7 |
_aMarried people. _2fast _0(OCoLC)fst01010656 _987380 |
|
| 650 | 7 |
_aMilitary chaplains. _2fast _0(OCoLC)fst01430766 _981020 |
|
| 655 | 7 |
_aFeature films. _2lcgft _9102699 |
|
| 655 | 7 |
_aWar films. _2lcgft _9102638 |
|
| 655 | 7 |
_aMelodramas (Motion pictures) _2lcgft _95696820 |
|
| 655 | 7 |
_aReligious films. _2lcgft _95689216 |
|
| 655 | 7 |
_aVideo recordings for the hearing impaired. _2lcgft _95764759 |
|
| 655 | 7 |
_aVideo recordings for people with visual disabilities. _2lcgft _95676923 |
|
| 655 | 7 |
_aDrama. _2fast _0(OCoLC)fst01423879 _95673873 |
|
| 655 | 7 |
_aFeature films. _2fast _0(OCoLC)fst01710384 _9102699 |
|
| 655 | 7 |
_aMelodramas (Motion pictures) _2fast _0(OCoLC)fst01726217 _95696820 |
|
| 655 | 7 |
_aReligious films. _2fast _0(OCoLC)fst01726197 _95689216 |
|
| 655 | 7 |
_aVideo recordings for people with visual disabilities. _2fast _0(OCoLC)fst01710451 _95676923 |
|
| 655 | 7 |
_aVideo recordings for the hearing impaired. _2fast _0(OCoLC)fst01710450 _95764759 |
|
| 655 | 7 |
_aWar films. _2fast _0(OCoLC)fst01710402 _9102638 |
|
| 700 | 1 |
_aEvans, David G., _efilm director, _escreenwriter. _912356 |
|
| 700 | 1 |
_aMoorman, Darren, _efilm producer. _95764760 |
|
| 700 | 1 |
_aTolley, Justin, _efilm producer. _95764761 |
|
| 700 | 1 |
_aMcKay, Cheryl, _escreenwriter. _950788 |
|
| 700 | 1 |
_aWhite, Peter, _d1962- _escreenwriter. _95764762 |
|
| 700 | 1 |
_aBruening, Justin, _eactor. _95764763 |
|
| 700 | 1 |
_aDrew, Sarah, _d1980- _eactor. _95764764 |
|
| 700 | 1 |
_aGeorge, Jason, _d1972- _eactor. _95764765 |
|
| 700 | 1 |
_aClose, Eric, _eactor. _967450 |
|
| 700 | 1 |
_aO'Neill, Michael _c(Actor), _eactor. _95764766 |
|
| 700 | 1 |
_aScott, Bob M., _edirector of photography. _95764767 |
|
| 700 | 1 |
_aCanavan, Jeff W., _eeditor of moving image work. _95764768 |
|
| 700 | 1 |
_aMills, Paul, _ecomposer (expression) _95764769 |
|
| 710 | 2 |
_aPure Flix Entertainment, _efilm distributor. _95689213 |
|
| 710 | 2 |
_aProvident Films, _efilm distributor. _95764770 |
|
| 710 | 2 |
_aReserve Entertainment (Firm), _eproduction company. _95764771 |
|
| 710 | 2 |
_aGraceworks Pictures, _eproduction company. _95764772 |
|
| 710 | 2 |
_aCalvary Pictures, _eproduction company. _95764773 |
|
| 710 | 2 |
_aUniversal Pictures Home Entertainment (Firm), _epublisher. _95718834 |
|
| 730 | 0 | 2 |
_iContainer of (work): _aIndivisible (Motion picture) _95764774 |
| 730 | 0 | 2 |
_iContainer of (expression): _aIndivisible (Motion picture). _lSpanish. _95764775 |
| 994 |
_aC0 _bUINTA |
||
| 999 |
_c240773 _d240773 |
||